| 000 | 004650000a22001810004500 | ||
|---|---|---|---|
| 003 | MACL | ||
| 005 | 20160130121759.0 | ||
| 008 | 160130b xxu||||| |||| 00| 0 eng d | ||
| 040 |
_aMACL _cMACL |
||
| 041 | _aEnglish | ||
| 082 | _a741.642 | ||
| 100 |
_aBlyton, Enid _935744 |
||
| 245 |
_aFive go to Mystery Moor _bThe Famous Five |
||
| 260 |
_bHodder Children's Book _c2004 _aLondon |
||
| 350 | _a115 | ||
| 650 |
_aChildren Book _935839 |
||
| 942 |
_cBK _k741.642 _2ddc |
||
| 999 |
_c45724 _d45724 |
||